000 01462na a2200337 4500
001 15357
003 MIRAKIL
005 20181213155306.0
008 160917b tu 000 0
020 _a9789944246965 (c.4)
035 _a15357
040 _aMilas
_btur
_cTR-AnCHP
082 _a923.1561 Demirel,S.
_bG98d 2008
090 _a923.1561 Demirel,S. G98d 2008
100 _aGüven, Turgut Yılmaz
245 _aDemirel'li yıllar
_bAtatürk'ün mekanında 7 yıl (1993 - 2000)
_cTurgut Yılmaz Güven; editör Ali Gündüz
246 _aAtatürk'ün mekanında 7 yıl (1993 - 2000)
260 _aAnkara
_bGündüz Kitabevi Yayınları
_c2008
300 _a4. c. (224 s.)
_bres.
_c20 sm.
500 _aKütüphanemizde 3. ve 4. ciltler vardır.
505 _ac. 1. 1964-11 Eylül 1980 -- c. 2. Hamzakoy'dan demokrasi mahzenine : 12 Eylül 1980-24 Eylül 1987 -- c.3: Demokrasi mahzeninden Atatürk'ün Mekanına (1987-1993) -- c.4: Atatürk'ün Mekanında 7 yıl : 1993-2000
600 _aDemirel,Süleyman
_d1924 - 2015
_xYaşamöyküsü
600 _aDemirel,Süleyman
_d1993 - 2000
_xSiyasal yaşam
610 _aAdalet Partisi
_xTarih
650 _aCumhurbaşkanlığı
_xTarih
_y1960 - 2000
_zTürkiye
650 _aDevlet başkanları
_xDemirel, Süleyman
_yYaşamöyküsü
651 _aTürkiye
_xSiyaset ve yönetim
_y1960 - 2000
651 _aTürkiye
_xSiyasal tarih
_y20. yüzyıl
700 _aGündüz, Ali
942 _2dcc
_cBKS
999 _c10085
_d10085